ENTREPRENEURSHIP development in Nigeria the FIIRO experience
Uloženo v:
| Hlavní autor: | |
|---|---|
| Médium: | Kniha |
| Jazyk: | angličtina |
| Vydáno: |
CIBN Press
2013.
|
| Tagy: |
Přidat tag
Žádné tagy, Buďte první, kdo vytvoří štítek k tomuto záznamu!
|
MARC
| LEADER | 00000nam a22000007a 4500 | ||
|---|---|---|---|
| 008 | 210413b ||||| |||| 00| 0 eng d | ||
| 020 | |a 978-978-932-369-2 | ||
| 100 | |a edited by ELEMO, G. N.…[et al.]. | ||
| 245 | |a ENTREPRENEURSHIP development in Nigeria |b the FIIRO experience |c edited by G. N. Elemo…[et al.]. |g vi, 306p; ill. | ||
| 250 | |c edited by ELEMO, G. N.…[et al.]. | ||
| 260 | |b CIBN Press |c 2013. |h Lagos, Nigeria. |i 694054 |l HB615 .En8 |m Entrepreneurship – Nigeria. |m New business enterprises – Nigeria. |m Small business – Nigeria – Management. | ||
| 500 | |a “It includes index” | ||
| 942 | |a lcc |c BK |e YUNUSA |f 13/4/21 | ||
| 952 | |0 0 |1 0 |2 lcc |4 0 |6 HB0615 E N8 |7 0 |9 2122 |a HOL |b HOL |c GJ |d 2021-04-13 |l 0 |o HB615 .En8 |p 2021-5976 |r 2021-04-13 00:00:00 |w 2021-04-13 |y BK | ||
| 999 | |c 1100 |d 1100 | ||